World Encyclopedia of Political Systems. Vol II Nepal - Zimbabwe and smaller countries and microstates /

Enregistré dans:
Détails bibliographiques
Auteur principal: Delury, George
Autres auteurs: ed.
Format: Texte
Publié: Nueva York: Longman
Tags: Ajouter un tag
Pas de tags, Soyez le premier à ajouter un tag!

MARC

LEADER 00000 a a2200000 04500
001 23346
003
040
020 |a 0-582-90259-2  
090 |a 161300  
100 |a Delury, George  
245 |a World Encyclopedia of Political Systems. Vol II Nepal - Zimbabwe and smaller countries and microstates /  |c George Delury 
260 |a Nueva York:   |b Longman  
300 |a 708-1295 p; vol. II  
700 |a ed.  
999 |c 4474  |d 4474